Soil Engineering in Theory and Practice vol-1 (Record no. 5904)
[ view plain ]
| 000 -LEADER | |
|---|---|
| fixed length control field | 00359nam a2200145Ia 4500 |
| 003 - CONTROL NUMBER IDENTIFIER | |
| control field | OSt |
| 008 - FIXED-LENGTH DATA ELEMENTS--GENERAL INFORMATION | |
| fixed length control field | 191201s2012 xx 000 0 und d |
| 082 ## - DEWEY DECIMAL CLASSIFICATION NUMBER | |
| Classification number | 624.151 |
| Item number | SIS |
| 100 ## - MAIN ENTRY--PERSONAL NAME | |
| Personal name | SINGH, Alam |
| 245 #0 - TITLE STATEMENT | |
| Title | Soil Engineering in Theory and Practice vol-1 |
| 260 ## - PUBLICATION, DISTRIBUTION, ETC. (IMPRINT) | |
| Place of publication, distribution, etc | N. Delhi |
| Name of publisher, distributor, etc | CBS Publishers |
| Date of publication, distribution, etc | 2012 |
| 300 ## - PHYSICAL DESCRIPTION | |
| Extent | 973 |
| 650 ## - SUBJECT ADDED ENTRY--TOPICAL TERM | |
| Topical term or geographic name as entry element | B.Tech(CE) |
| 942 ## - ADDED ENTRY ELEMENTS (KOHA) | |
| Source of classification or shelving scheme | Dewey Decimal Classification |
| Koha item type | Text Books |
| Withdrawn status | Lost status | Source of classification or shelving scheme | Damaged status | Not for loan | Collection code | Home library | Current library | Date acquired | Source of acquisition | Cost, normal purchase price | Bill Number | Total Checkouts | Full call number | Acc. no. / Barcode | Date last seen | Actual Cost, discounted price | Bill Date | Koha item type | Date last borrowed |
|---|---|---|---|---|---|---|---|---|---|---|---|---|---|---|---|---|---|---|---|
| Dewey Decimal Classification | B.Tech(CE) | PIET C-LIBRARY | PIET C-LIBRARY | 19/05/2014 | Orange Books International | 695.00 | 64 | 624.151 SIS | 24000 | 04/12/2019 | 465.65 | 07/05/2014 | Text Books | ||||||
| Dewey Decimal Classification | B.Tech(CE) | PIET C-LIBRARY | PIET C-LIBRARY | 19/05/2014 | Orange Books International | 695.00 | 64 | 624.151 SIS | 24001 | 04/12/2019 | 465.65 | 07/05/2014 | Text Books | ||||||
| Dewey Decimal Classification | B.Tech(CE) | PIET C-LIBRARY | PIET C-LIBRARY | 19/05/2014 | Orange Books International | 695.00 | 64 | 624.151 SIS | 24002 | 04/12/2019 | 465.65 | 07/05/2014 | Text Books | ||||||
| Dewey Decimal Classification | B.Tech(CE) | PIET C-LIBRARY | PIET C-LIBRARY | 19/05/2014 | Orange Books International | 695.00 | 64 | 624.151 SIS | 24003 | 04/12/2019 | 465.65 | 07/05/2014 | Text Books | ||||||
| Dewey Decimal Classification | B.Tech(CE) | PIET C-LIBRARY | PIET C-LIBRARY | 19/05/2014 | Orange Books International | 695.00 | 64 | 1 | 624.151 SIS | 24004 | 28/06/2024 | 465.65 | 07/05/2014 | Text Books | 25/06/2024 |